Central Library OPAC University of Rajshahi

Cultural Adaptation of the Ethnic Migrants to an Urban Setting : (Record no. 79406)

MARC details
000 -LEADER
fixed length control field 01208nam a2200289 a 4500
001 - CONTROL NUMBER
RUCL Control Number 79406
003 - CONTROL NUMBER IDENTIFIER
rucl marc code BD-RjUL
005 - DATE AND TIME OF LATEST TRANSACTION
control field 20220615130723.0
008 - FIXED-LENGTH DATA ELEMENTS--GENERAL INFORMATION
fixed length control field 220217s2005 bg a|||| m||| 00| 0 eng d
035 ## - SYSTEM CONTROL NUMBER
system control number (BD-RjUL)79406
040 ## - CATALOGING SOURCE
Original cataloging agency BD-RjUL
Language of cataloging eng
Modifying agency BD-RjUL
041 ## - LANGUAGE CODE
Language code of Book eng
082 ## - DEWEY DECIMAL CLASSIFICATION NUMBER
DDC Edition number 23
Classification number 307.24095492
Author mark and Year AKC 2005
100 ## - MAIN ENTRY--PERSONAL NAME
Personal name Akand, Md. Mustafa Kamal
9 (RLIN) 1423
245 10 - TITLE STATEMENT
Title Cultural Adaptation of the Ethnic Migrants to an Urban Setting :
Remainder of title An Anthropological Study of Rajshahi City in Bangladesh /
Statement of responsibility, etc Submitted by Md. Mustafa Kamal Akand ;
Name of Supervisor/Co-Supervisor Supervisor: A. H. M. Zehadul Karim
260 ## - PUBLICATION, DISTRIBUTION, ETC. (IMPRINT)
Place of publication, distribution, etc Rajshahi :
Name of publisher, distributor, etc Department of Anthropology, University of Rajshahi,
Date of publication, distribution, etc 2005
300 ## - PHYSICAL DESCRIPTION
Pagination xi, 324 leaves :
Other physical details ill. ;
Dimensions 29cm.
502 ## - DISSERTATION NOTE
Dissertation note Thesis (Ph. D.)-- Department of Anthropology, University of Rajshahi, 2005
504 ## - BIBLIOGRAPHY, ETC. NOTE
Bibliography, etc References : leaves [279]-317
600 ## - SUBJECT ADDED ENTRY--PERSONAL NAME
General subdivision
-- 3637
650 ## - SUBJECT ADDED ENTRY--TOPICAL TERM
Topical term or geographic name as entry element Migration, Internal
Geographic subdivision Bangladesh
-- Rajshahi City
9 (RLIN) 3629
Topical term or geographic name as entry element Population geography
Geographic subdivision Bangladesh
-- Rajshahi City
9 (RLIN) 3630
Topical term or geographic name as entry element Anthopology, cultural.
9 (RLIN) 3631
Topical term or geographic name as entry element Urbanization
Geographic subdivision Bangladesh
-- Rajshahi City
9 (RLIN) 3638
700 ## - ADDED ENTRY--SUPERVISOR/CO-SUPERVISOR NAME
Personal name Karim, A. H. M. Zehadul, Supervisor
9 (RLIN) 1425
942 ## - ADDED ENTRY ELEMENTS (KOHA)
Source of classification or shelving scheme Dewey Decimal Classification
Koha item type Theses
Holdings
Source of classification or shelving scheme Damaged status Not for loan Collection code Permanent Location Current Location Shelving location Date of accession Source of acquisition Full call number Barcode Date last seen Copy number Thesis
Dewey Decimal Classification   Not For Loan Theses Central Library, University of Rajshahi Central Library, University of Rajshahi Documentation Section 24/05/2006 Controller of Exam. , R.U. THE 307.24095492 AKC 2005 D2520 17/02/2022 C-1 Theses